Essentials of Supply Chain Management (Record no. 7883)

MARC details
000 -LEADER
fixed length control field 00602nam a22002297a 4500
003 - CONTROL NUMBER IDENTIFIER
control field OSt
005 - DATE AND TIME OF LATEST TRANSACTION
control field 20251007141156.0
008 - FIXED-LENGTH DATA ELEMENTS--GENERAL INFORMATION
fixed length control field 220426b ||||| |||| 00| 0 eng d
020 ## - INTERNATIONAL STANDARD BOOK NUMBER
International Standard Book Number 9780134036230
020 ## - INTERNATIONAL STANDARD BOOK NUMBER
International Standard Book Number 0134036230
040 ## - CATALOGING SOURCE
Transcribing agency DDC
082 ## - DEWEY DECIMAL CLASSIFICATION NUMBER
Classification number 658.7 HUG 2019
100 ## - MAIN ENTRY--PERSONAL NAME
Personal name Hugos, Michael
9 (RLIN) 16017
245 ## - TITLE STATEMENT
Title Essentials of Supply Chain Management
250 ## - EDITION STATEMENT
Edition statement Iner ed.
260 ## - PUBLICATION, DISTRIBUTION, ETC. (IMPRINT)
Place of publication, distribution, etc. USA;
Name of publisher, distributor, etc. Pearson,
Date of publication, distribution, etc. 2019
300 ## - PHYSICAL DESCRIPTION
Extent xv,488p.
Other physical details Ill:
Dimensions 24CM
504 ## - BIBLIOGRAPHY, ETC. NOTE
Bibliography, etc Bibliograph, & index included
650 ## - SUBJECT ADDED ENTRY--TOPICAL TERM
Topical term or geographic name as entry element supply chain
9 (RLIN) 16018
650 ## - SUBJECT ADDED ENTRY--TOPICAL TERM
Topical term or geographic name as entry element Supply management
9 (RLIN) 7182
942 ## - ADDED ENTRY ELEMENTS (KOHA)
Source of classification or shelving scheme Dewey Decimal Classification
Koha item type Open Shelf
Holdings
Withdrawn status Lost status Source of classification or shelving scheme Damaged status Not for loan Home library Current library Date acquired Source of acquisition Inventory number Total Checkouts Full call number Barcode Date last seen Koha item type
    Dewey Decimal Classification     MUST Main Library MUST Main Library 07/10/2025 Purchase 25/42383   658.7 HUG 2019 2025-0067 07/10/2025 Open Shelf
    Dewey Decimal Classification     MUST Main Library MUST Main Library 07/10/2025 Purchase 25/42384   658.7 HUG 2019 2025-0068 07/10/2025 Open Shelf
    Dewey Decimal Classification     MUST Main Library MUST Main Library 07/10/2025 Purchase 25/42385   658.7 HUG 2019 2025-0069 07/10/2025 Open Shelf